| 000 | 01090nam a22002415i 4500 | ||
|---|---|---|---|
| 001 | 158602 | ||
| 003 | ES-MaACL | ||
| 005 | 20250408205851.0 | ||
| 008 | 990310s1892 sp |||| | spa d | ||
| 100 | 1 |
_aMancheño y Olivares, Miguel. _9129408 |
|
| 245 | 1 | 0 |
_aGalería de arcobricenses ilustres / _cpor D. Miguel Mancheño y Olivares ; precedida de una carta-misiva del el Doctor Thebussem. |
| 260 |
_aArcos de la Frontera : _b[s.n.], _c1892 ( _fImp. de "El Arcobricense") |
||
| 300 |
_aVI, 592 p. ; _c25 cm. |
||
| 510 | 4 |
_aPalau, _c148314 |
|
| 530 | _aDisponible en formato digital. | ||
| 594 | _aSegún el catálogo de la RAH, "el Doctor Thebussem" es seud. de Mariano Pardo de Figueroa y de la Serna. | ||
| 650 | 4 |
_aArcobricenses- _xBiografías. _9157693 |
|
| 651 | 4 |
_aArcos de la Frontera- _xPersonajes. _9137053 |
|
| 700 | 1 |
_aThebussem, _cDoctor, _d1828-1918 _9109885 |
|
| 852 |
_aES-MaACL _jG-11010 _z- Enc. hol. |
||
| 856 |
_uhttp://www.bibliotecavirtualdeandalucia.es/catalogo/es/consulta/registro.cmd?id=8350 _zBiblioteca Virtual de Andalucía |
||
| 999 |
_c158602 _d158602 |
||